Českomoravská heraldika II. Část zvláštní

Bibliographic Details
Main Author: Sedláček, August (Author)
Format: Book
Language:English
PhysicalDescription:743, 2 s.
Published: Praha Akademie věd a umění 1925

MARC

LEADER 00000nam a2200000 a 4500
001 vtls008690856
003 SK-MaSNL
005 20260301080031.0
008 240315 000 0 eng
040 |a SNK  |b slo  |c SNK  |e AACR2 
100 1 |a Sedláček, August  |4 aut  |9 317854 
245 1 |a Českomoravská heraldika  |n II.  |p Část zvláštní 
260 |a Praha  |b Akademie věd a umění  |c 1925 
300 |a 743, 2 s. 
999 |c 651985  |d 653915 
952 |a SNK  |b SNK  |y VYP  |7 0  |p 17A0504213  |o snkIB 75/2  |i snk2711/34  |3 Rekatalogizácia  |0 0  |1 0  |4 0  |d 2006-04-13  |l 0  |r 2026-02-23 18:25:14  |w 2026-02-23